01759nam a2200325 a 450000100100000000500170001000800410002704000250006808200200009310000540011324500810016726000490024830000210029749000290031849000090034759000260035665000490038265000740043165000700050565000400057571000850061583000440070091000380074495201320078295201320091495201320104695201170117895201230129599900150141800000702920250502073818.0090904s1984 dr 000 0 spa d aDO-SdBNPbspacBNPHU a347.7293bP438c1 aPérez Rancier, Juan Bautista,d1883-196891952413aEl código civil francés en la República Dominicana /cJuan B. Pérez. aSanto Domingo, :bPublicaciones ONAP,c1984. a120 p. ;c21 cm.1 aEstudios Jurídicosv251 aONAP aInventariado, 2018/BT 4aDerecho civilxLegislaciónzFrancia919525 4aDerecho civilxLegislaciónzRepública DominicanaxHistoria919526 4aProcedimiento civilxLegislaciónzRepública Dominicana911714 4aLeyeszRepública Dominicana930331 aRepública Dominicana.bOficina Nacional de Administración y Personal 926398 0aEstudios Jurídicos ;v25pONAP919528 aValidado. Control de calidad. EMS 001054708DSaGRbGRcHDd2009-09-04iLF1l0o347.7293 P438cp7029-30r2020-06-25te. 3w2020-06-25yLFDSZPréstamo en sala 001054708DSaGRbGRcHDd2009-09-04iLF1l0o347.7293 P438cp7029-40r2020-06-25te. 4w2020-06-25yLFDSZPréstamo en sala 001054708DSaGRbGRcHDd2012-10-03iLF1l0o347.7293 P438cp7029-50r2020-06-25te. 5w2020-06-25yLFDSZPréstamo en sala 0010718PDaPDbPDcHDd2009-09-04iLF1l0o347.7293 P438cp7029-10r2020-06-25w2020-06-25yLFPDZNo se presta 0010718PDaPDbPDcHDd2009-09-04iLF1l0o347.7293 P438cp7029-20r2020-06-25te. 2w2020-06-25yLFPDZNo se presta c6813d6813